Indian scenario of hazardous wastes (Record no. 19358)

000 -LEADER
fixed length control field 00372pab a2200157 454500
008 - FIXED-LENGTH DATA ELEMENTS--GENERAL INFORMATION
fixed length control field 180718b1983 xxu||||| |||| 00| 0 eng d
100 ## - MAIN ENTRY--PERSONAL NAME
Personal name Sundaresan, B.B
245 ## - TITLE STATEMENT
Title Indian scenario of hazardous wastes
260 ## - PUBLICATION, DISTRIBUTION, ETC.
Date of publication, distribution, etc. 1983
300 ## - PHYSICAL DESCRIPTION
Extent 4-6
362 ## - DATES OF PUBLICATION AND/OR SEQUENTIAL DESIGNATION
Dates of publication and/or sequential designation 1 June
650 ## - SUBJECT ADDED ENTRY--TOPICAL TERM
Topical term or geographic name entry element Trade Waste - India
700 ## - ADDED ENTRY--PERSONAL NAME
Personal name P.V.R. Subrahmanyam
773 ## - HOST ITEM ENTRY
Main entry heading Yojana
909 ## -
-- 19358
Holdings
Withdrawn status Lost status Damaged status Not for loan Permanent Location Current Location Date acquired Serial Enumeration / chronology Barcode Date last seen Price effective from Koha item type
        Indian Institute of Public Administration Indian Institute of Public Administration 2018-07-19 Volume no: 27, Issue no: 10 AR19421 2018-07-19 2018-07-19 Articles

Powered by Koha